000 00256nam a2200097Ia 4500
005 20251222114359.0
008 251222s1900||||xx |||||||||||||| ||spa||
082 _aDVD0070/T26/2007/Ej.2
245 0 _aLa masseria delle allodole:El destino de nunik
942 _cDVD
999 _c1552
_d1552